000 01332cam a2200361 i 4500
001 21131693
003 OSt
005 20241116151444.0
008 190814s2019 gh 001 0 eng
010 _a 2019350555
020 _a9789964960186
020 _a9964960182
040 _aDLC
_beng
_erda
_cDLC
042 _apcc
_alcode
043 _af-gh---
050 0 0 _aKRX3794.3196
_b.M46 2019
100 1 _aMensa-Bonsu, Henrietta J. A. N.
245 1 4 _aThe annotated Criminal Offences Act of Ghana and Domestic Violence Act :
_b2007 (Act 732) /
_cHenrietta J.A.N. Mensa-Bonsu, Professor of Law at the School of Law, University of Ghana, Legon.
250 _aSixth edition.
264 1 _aAccra :
_bBlack Mask Limited,
_c2019.
300 _axliv, 344 Pages ;
_c23 cm.
336 _atext
_btxt
_2rdacontent
337 _aunmediated
_bn
_2rdamedia
338 _avolume
_bnc
_2rdacarrier
490 0 _aCriminal law series
500 _aIncludes index.
650 0 _aCriminal law
_zGhana.
650 0 _aFamily violence
_xLaw and legislation
_zGhana.
710 1 2 _aGhana.
_tCriminal Offences Act, 1960.
906 _a7
_bcbc
_corigcop
_d2
_encip
_f20
_gy-gencatlg
942 _2lcc
_cBK
_n0
999 _c1266
_d1266